Lazarilho de Tormes (Record no. 44727)

MARC details
000 -Etiqueta do registo
Valores 00413nam a2200157 4500
100 ## - Dados gerais de processamento
Dados gerais 20250905 pory50
101 ## - Língua de publicação
Língua esp
102 ## - País de publicação
País ESP
200 ## - Titulo e menção de responsabilidade
Título próprio Lazarilho de Tormes
Informação de outro título segunda parte de Juan de Luna
Primeira menção de responsabilidade anónimo
Outras menções de responsabilidade prol. Juan Alcina Franch
210 ## - Publicação
Local de publicação Barcelona
Nome do editor Editorial Juventud
Data de publicação [1967]
215 ## - Descrição física 
Paginação / Volumes 192 p.
675 ## - CDU
Notação 821.134.2-9
801 ## - Fonte de origem
País PT
Regras de catalogação RPC
990 ## - Elementos KOHA
Tipo de documento Livro
Holdings
Aquisição Empréstimo Código de barras Cota Permissão de empréstimo Tipo de documento
Biblioteca Municipal de Redondo Biblioteca Municipal de Redondo 054723 821.134.3-9 LAZ   Livro

Powered by Koha